000 00422cam a2200169ua 4500
003 OSt
008 250512b |||||||| |||| 00| 0 eng d
041 _aeng
082 _a624.17
_bJAI/ST
100 _aJainti, Prasad
_97493
245 _aStrength of materials /
250 _a2 /
260 _aNew Delhi :
_bC B S Publishers & Distributers ,
_c1985.
300 _a582 ; .
700 1 _aShukla, D P.
_97494
942 _cBK
999 _c9814
_d9814